| 000 | 00983nam a22002537a 4500 | ||
|---|---|---|---|
| 003 | OSt | ||
| 005 | 20170709111850.0 | ||
| 008 | 170709b xxu||||| |||| 00| 0 eng d | ||
| 020 | _a0916584542 | ||
| 040 |
_aLDCLIB _cLDCLIB |
||
| 082 | 0 | 4 |
_a340.11 _222 _bMAN |
| 245 | 0 | 0 |
_aMany Roads to Justice : _bthe law-related work of Ford Foundation grantees around the world / _cedited by Mary McClymont and Stephen Golub. |
| 260 |
_aNew York : _bFord Foundation, _cc2000. |
||
| 300 |
_ax, 361 p. ; _c23 cm. |
||
| 500 | _aIncludes index. | ||
| 610 | 2 | 0 |
_aFord Foundation. _95762 |
| 650 | 0 |
_aPublic interest law. _95763 |
|
| 650 | 0 |
_aHuman rights. _9259 |
|
| 700 | 1 |
_aMcClymont, Mary. _95764 |
|
| 700 | 1 |
_aGolub, Stephen. _95765 |
|
| 710 | 2 |
_aFord Foundation. _95766 |
|
| 942 |
_2ddc _cBK |
||
| 999 |
_c4797 _d4797 |
||